| 000 | 00740nam a22001577a 4500 | ||
|---|---|---|---|
| 003 | OSt | ||
| 005 | 20150921142356.0 | ||
| 008 | 150921b xxu||||| |||| 00| 0 eng d | ||
| 040 | _cRUA | ||
| 082 | _aAGR HAM 2008 B035 Or.1 | ||
| 100 |
_91013 _aHAM POV |
||
| 245 | _aEffect of organic fertilzers of egg plant under sandy soil condition at royal university of agriculture,(ឥទ្ធិពលនៃជីធម្មជាតិទៅលើ ដំណាំត្រប់វែងក្នុងលក្ខខណ្ឌដីល្បាយខ្សាច់នៃសាកលវិទ្យាល័យភូមិន្ទកសិកម្ម) | ||
| 260 |
_aphnom penh _bRUA _c2008 |
||
| 300 |
_axii,64p. _cill. _g29cm. |
||
| 942 |
_2ddc _cAGR |
||
| 999 |
_c972 _d972 |
||